[Event "International Championship of Central Serbia 2015 - OPEN A"]
[Site "Paracin"]
[Date "2015.07.06"]
[Round "4.1"]
[White "Fernandez, Daniel Howard"]
[Black "Banusz, Tamas"]
[Result "1/2-1/2"]
[WhiteElo "2472"]
[BlackElo "2582"]
[PlyCount "119"]
[EventDate "2015.07.03"]

1. e4 e5 2. Nf3 Nc6 3. Bb5 a6 4. Ba4 Nf6 5. O-O Be7 6. d3 b5 7. Bb3 d6 8. a4
Bd7 9. c3 O-O 10. h3 Na5 11. Bc2 c5 12. axb5 axb5 13. Bg5 h6 14. Be3 Qc7 15.
Nbd2 Rfc8 16. Re1 Be6 17. Nf1 Nc6 18. g4 Rxa1 19. Qxa1 h5 20. gxh5 Nxh5 21. Kh2
Qd7 22. Ng1 g6 23. Bd1 Nf6 24. Qc1 d5 25. exd5 Nxd5 26. Ng3 Nxe3 27. Qxe3 Kg7
28. Bf3 f6 29. Ra1 Nd8 30. Ra6 Nf7 31. d4 cxd4 32. cxd4 Rc7 33. Bg2 Bd5 34.
N1e2 Bxg2 35. Kxg2 Rc4 36. b3 exd4 37. Qe6 Qb7+ 38. Kf1 Ng5 39. Qb6 Qxb6 40.
Rxb6 Rc7 41. Nxd4 Bc5 42. Ne6+ Nxe6 43. Rxe6 Kf7 44. Ra6 Be7 45. h4 Rc1+ 46.
Kg2 Rc2 47. h5 gxh5 48. Nxh5 Rb2 49. Ra7 Kg6 50. Rxe7 Kxh5 51. Re3 Kg5 52. Rg3+
Kf5 53. Rf3+ Ke5 54. Re3+ Kd5 55. Kg3 Kd4 56. Rf3 Ke5 57. Kg4 b4 58. Re3+ Kd4
59. Rf3 Ke5 60. Re3+ 1/2-1/2

[Event "International Championship of Central Serbia 2015 - OPEN A"]
[Site "Paracin"]
[Date "2015.07.06"]
[Round "4.2"]
[White "Narayanan, Srinath"]
[Black "Atalik, Suat"]
[Result "1/2-1/2"]
[WhiteElo "2464"]
[BlackElo "2564"]
[PlyCount "40"]
[EventDate "2015.07.03"]

1. e4 g6 2. d4 Bg7 3. Nc3 d6 4. Be3 a6 5. a4 Nc6 6. Nf3 Bg4 7. Be2 e5 8. dxe5
dxe5 9. Qxd8+ Rxd8 10. Nd5 Rd7 11. h3 Bxf3 12. Bxf3 Nd4 13. Bd1 Ne7 14. Nxe7
Kxe7 15. c3 Ne6 16. Bb3 h5 17. Ke2 Bh6 18. Bxh6 Rxh6 19. Bxe6 Kxe6 20. Rhd1 Rh8
1/2-1/2

[Event "International Championship of Central Serbia 2015 - OPEN A"]
[Site "Paracin"]
[Date "2015.07.06"]
[Round "4.3"]
[White "Kozhuharov, Spas"]
[Black "Sedlak, Nikola"]
[Result "0-1"]
[WhiteElo "2460"]
[BlackElo "2537"]
[PlyCount "108"]
[EventDate "2015.07.03"]

1. d4 Nf6 2. c4 g6 3. Nc3 d5 4. Nf3 Bg7 5. Bf4 O-O 6. e3 c5 7. dxc5 Ne4 8. Rc1
Nd7 9. cxd5 Nxc3 10. bxc3 Qa5 11. Qb3 b6 12. Bc4 Nxc5 13. Qb4 Qxb4 14. cxb4 Ne4
15. Be5 Bb7 16. Bxg7 Kxg7 17. Nd2 Nxd2 18. Kxd2 Rfd8 19. e4 e6 20. Bd3 exd5 21.
e5 d4 22. f3 Bd5 23. a4 a5 24. bxa5 Rxa5 25. Bb5 Bb3 26. Ra1 Rda8 27. Kd3 Bxa4
28. Rxa4 Rxa4 29. Bxa4 Rxa4 30. Rb1 Ra2 31. g4 Ra3+ 32. Ke4 Re3+ 33. Kf4 g5+
34. Kxg5 Rxe5+ 35. Kf4 Re6 36. Rb4 Rh6 37. g5 Rd6 38. Ke5 Rd8 39. Rxb6 d3 40.
Rb1 d2 41. Rd1 Kg6 42. Kf4 Kh5 43. Kf5 Kh4 44. f4 Kh3 45. Kf6 Rd7 46. Kg7 Kg4
47. Kxh7 Kxf4 48. g6 fxg6+ 49. Kxg6 Rd6+ 50. Kh5 Rd5+ 51. Kg6 Kg4 52. Kf6 Rf5+
53. Ke6 Rf2 54. h4 Kf3 0-1

[Event "International Championship of Central Serbia 2015 - OPEN A"]
[Site "Paracin"]
[Date "2015.07.06"]
[Round "4.4"]
[White "Damljanovic, Branko"]
[Black "Mladenovic, Stefan"]
[Result "1-0"]
[WhiteElo "2565"]
[BlackElo "2341"]
[PlyCount "123"]
[EventDate "2015.07.03"]

1. d4 Nf6 2. c4 e6 3. Nf3 d5 4. g3 Be7 5. Bg2 O-O 6. Qc2 dxc4 7. Qxc4 Nbd7 8.
O-O c5 9. Rd1 cxd4 10. Nxd4 Qa5 11. Nc3 Nb6 12. Qb5 Qb4 13. a3 Qc4 14. Bf4 Bd7
15. Qxc4 Nxc4 16. b3 e5 17. bxc4 exf4 18. gxf4 Rac8 19. Nd5 Nxd5 20. Bxd5 Ba4
21. Rd3 Rfd8 22. e4 Kf8 23. Re1 Rd6 24. f5 Rh6 25. Kg2 b6 26. f4 Rh4 27. Kg3
Rh6 28. Ree3 Bc5 29. h4 Be7 30. Nf3 Bc5 31. Re1 b5 32. cxb5 Bxb5 33. Rb3 Rb6
34. Ng5 Ba4 35. Rxb6 Bxb6 36. Nxh7+ Ke7 37. e5 Rc3+ 38. Bf3 Bc6 39. f6+ gxf6
40. exf6+ Kd6 41. Ng5 Bd4 42. Nxf7+ Kc5 43. Ne5 Bxf3 44. Nxf3 Bxf6 45. a4 Kd5
46. Kg4 Ra3 47. h5 Rxa4 48. h6 Re4 49. Rd1+ Ke6 50. Rc1 Re2 51. Rc6+ Kf7 52.
Kf5 Bb2 53. Ng5+ Ke8 54. Rc8+ Kd7 55. Ra8 Bd4 56. h7 Re8 57. Rxe8 Kxe8 58. Kg6
a5 59. f5 Ke7 60. Ne4 Bh8 61. f6+ Kd7 62. Nc5+ 1-0

[Event "International Championship of Central Serbia 2015 - OPEN A"]
[Site "Paracin"]
[Date "2015.07.06"]
[Round "4.5"]
[White "Filev, Georgi"]
[Black "Savic, Miodrag R"]
[Result "1-0"]
[WhiteElo "2344"]
[BlackElo "2505"]
[PlyCount "37"]
[EventDate "2015.07.03"]

1. e4 e5 2. Nf3 Nc6 3. Bb5 a6 4. Ba4 Nge7 5. c3 g6 6. d4 exd4 7. cxd4 b5 8. Bc2
d5 9. exd5 Nxd5 10. O-O Bg7 11. Re1+ Be6 12. Bg5 Qd6 13. Nc3 Nxc3 14. bxc3 O-O
15. Be4 Bd5 16. Bxd5 Qxd5 17. Bf4 Rac8 18. Qb3 Rfd8 19. Re8+ 1-0

[Event "International Championship of Central Serbia 2015 - OPEN A"]
[Site "Paracin"]
[Date "2015.07.06"]
[Round "4.6"]
[White "Marholev, Dimitar"]
[Black "Kosic, Dragan"]
[Result "0-1"]
[WhiteElo "2317"]
[BlackElo "2487"]
[PlyCount "98"]
[EventDate "2015.07.03"]

1. e4 e6 2. d4 d5 3. Nd2 dxe4 4. Nxe4 Nd7 5. Nf3 Ngf6 6. Bg5 Be7 7. Nxf6+ Bxf6
8. Qd2 Bxg5 9. Nxg5 Nf6 10. O-O-O b6 11. Kb1 Qd6 12. Bb5+ Bd7 13. Bxd7+ Qxd7
14. Nf3 O-O 15. Ne5 Qd5 16. f3 Rfd8 17. c4 Qd6 18. Qe2 c5 19. dxc5 Qxc5 20. g4
a6 21. f4 b5 22. g5 Ne8 23. Rxd8 Rxd8 24. cxb5 Qxb5 25. Qxb5 axb5 26. Nc6 Rd2
27. Kc1 Rd7 28. Kb1 f6 29. gxf6 gxf6 30. Re1 Kf7 31. Re3 Nc7 32. Na7 Kg6 33.
Rb3 Kf5 34. Nxb5 Nxb5 35. Rxb5+ Kxf4 36. Rb6 Kf5 37. Rb3 e5 38. Rf3+ Ke6 39.
Kc2 e4 40. Rf1 Ke5 41. Rd1 Ra7 42. Ra1 f5 43. a4 f4 44. Kd2 e3+ 45. Ke2 Ke4 46.
a5 f3+ 47. Kf1 Rg7 48. Ra4+ Kd3 49. a6 f2 0-1

[Event "International Championship of Central Serbia 2015 - OPEN A"]
[Site "Paracin"]
[Date "2015.07.06"]
[Round "4.7"]
[White "Nestorovic, Nikola"]
[Black "Cvetkovic, Srdjan"]
[Result "1/2-1/2"]
[WhiteElo "2452"]
[BlackElo "2301"]
[PlyCount "72"]
[EventDate "2015.07.03"]

1. e4 c5 2. Nf3 e6 3. d4 cxd4 4. Nxd4 Nc6 5. Nc3 a6 6. f3 Nf6 7. Nxc6 bxc6 8.
e5 Nd5 9. Ne4 Qc7 10. f4 c5 11. c4 Nb4 12. Be2 Bb7 13. Bf3 Be7 14. a3 Nc6 15.
Nd6+ Bxd6 16. exd6 Qb6 17. Be3 a5 18. Qd2 Rb8 19. O-O O-O 20. Rac1 Rfc8 21. Rc2
a4 22. Qf2 Nd4 23. Bxd4 cxd4 24. Bxb7 Rxb7 25. Rd1 Qxd6 26. Qxd4 Qxd4+ 27. Rxd4
Kf8 28. c5 Rcb8 29. Rdd2 Ke7 30. Kf2 Rb5 31. Ke3 h5 32. g3 Rb3+ 33. Ke4 g6 34.
Kd4 R8b7 35. Ke5 Re3+ 36. Kd4 Reb3 1/2-1/2

[Event "International Championship of Central Serbia 2015 - OPEN A"]
[Site "Paracin"]
[Date "2015.07.06"]
[Round "4.8"]
[White "Baglan, Esat"]
[Black "Abramovic, Bosko"]
[Result "0-1"]
[WhiteElo "2257"]
[BlackElo "2431"]
[PlyCount "74"]
[EventDate "2015.07.03"]

1. e4 e5 2. Nf3 Nc6 3. Bb5 a6 4. Ba4 d6 5. O-O Nf6 6. Re1 b5 7. Bb3 Na5 8. Ba4
Nc6 9. Bb3 Na5 10. d4 Nxb3 11. axb3 Bb7 12. dxe5 Nxe4 13. exd6 Bxd6 14. Qd3 f5
15. Bg5 Qd7 16. Nc3 O-O 17. Rad1 Qf7 18. Nd5 Rfe8 19. c4 h6 20. Bf4 Nc5 21. Qd2
Nxb3 22. Qc3 Nc5 23. Bxd6 cxd6 24. b3 Re4 25. Rxe4 fxe4 26. Ne1 Rf8 27. Rd2
bxc4 28. bxc4 Bxd5 29. cxd5 Rb8 30. Rd1 Rb3 31. Qd4 a5 32. Nc2 Rd3 33. Rxd3
exd3 34. Ne3 a4 35. g4 a3 36. Nf5 a2 37. Kg2 Qf6 0-1

[Event "International Championship of Central Serbia 2015 - OPEN A"]
[Site "Paracin"]
[Date "2015.07.06"]
[Round "4.9"]
[White "Ratkovic, Milovan"]
[Black "Radovanovic, Mihajlo"]
[Result "1/2-1/2"]
[WhiteElo "2385"]
[BlackElo "2245"]
[PlyCount "166"]
[EventDate "2015.07.03"]

1. d4 d5 2. Bg5 c5 3. e3 h6 4. Bf4 Nf6 5. c3 Qb6 6. Qc2 Nc6 7. Nd2 Nh5 8. Ne2
Bg4 9. f3 Bd7 10. g4 Nxf4 11. Nxf4 e6 12. Be2 cxd4 13. exd4 Qc7 14. Nh5 Nxd4
15. Qd3 Nxe2 16. Qxe2 O-O-O 17. O-O-O Kb8 18. Kb1 Ka8 19. Nb3 Ba4 20. Rd4 Bc6
21. Re1 g6 22. Ng3 Bg7 23. Rd2 e5 24. Red1 Rhe8 25. Nf1 d4 26. cxd4 exd4 27.
Qf2 Ba4 28. Rc1 Qb6 29. Nc5 Bb5 30. a4 Bc6 31. Rd3 Rd5 32. Ne4 Bxa4 33. Nfd2 f5
34. Nc4 Qb4 35. gxf5 gxf5 36. Ned2 Rd7 37. Qg3 Rde7 38. Qd6 Qxd6 39. Nxd6 Rf8
40. Nxf5 Rd7 41. Nxg7 Rxg7 42. Rxd4 Bc6 43. f4 a6 44. Rf1 Bd7 45. Rf2 Rg1+ 46.
Ka2 Be6+ 47. b3 Ka7 48. Ne4 Re1 49. Nd2 Rc8 50. Kb2 Bf5 51. Nc4 Rc5 52. Nd6 Bd7
53. f5 Rcc1 54. f6 Rb1+ 55. Ka3 Be6 56. Rd3 Ra1+ 57. Kb4 Rec1 58. Nc4 a5+ 59.
Kc5 b6+ 60. Kd6 Bf7 61. Ne5 Rd1 62. Rff3 Bxb3 63. Kc7 Rxd3 64. Rxd3 Ba2 65.
Nc6+ Ka6 66. Rd6 Rc1 67. Kd7 Rc2 68. Nd4 Rxh2 69. Kc7 Rb2 70. Rd8 Ka7 71. Kc6
Bc4 72. Rd7+ Ka6 73. Rd8 Ka7 74. Rd7+ Ka6 75. Rd8 Ka7 76. f7 Bxf7 77. Nb5+ Rxb5
78. Kxb5 Be6 79. Rd6 Bc8 80. Rxb6 a4 81. Rxh6 Bd7+ 82. Ka5 Kb7 83. Rh7 Kc7
1/2-1/2

[Event "International Championship of Central Serbia 2015 - OPEN A"]
[Site "Paracin"]
[Date "2015.07.06"]
[Round "4.10"]
[White "Djukic, Nikola"]
[Black "Dezelin, Milan"]
[Result "1-0"]
[WhiteElo "2543"]
[BlackElo "2267"]
[PlyCount "57"]
[EventDate "2015.07.03"]

1. e4 c5 2. Nf3 a6 3. Nc3 b5 4. d4 cxd4 5. Nxd4 Bb7 6. Bg5 Nc6 7. a4 b4 8. Nd5
Nf6 9. Bxf6 gxf6 10. Nxc6 Bxc6 11. Qd4 Qa5 12. Qxb4 Qxb4+ 13. Nxb4 Bxe4 14.
Nxa6 Kd8 15. c3 Bxg2 16. Bxg2 Rxa6 17. a5 Rg8 18. Bb7 Ra7 19. a6 Rg5 20. Ke2
Kc7 21. Rhg1 Rb5 22. b4 Bh6 23. Rg8 Bf4 24. Rd1 Bd6 25. Rc8+ Kb6 26. Rf8 Rh5
27. Rxf7 Rh3 28. Rd3 Rxh2 29. Rxd6+ 1-0

[Event "International Championship of Central Serbia 2015 - OPEN A"]
[Site "Paracin"]
[Date "2015.07.06"]
[Round "4.11"]
[White "Kadric, Denis"]
[Black "Vujacic, Borivoje"]
[Result "1-0"]
[WhiteElo "2511"]
[BlackElo "2262"]
[PlyCount "51"]
[EventDate "2015.07.03"]

1. e4 c5 2. Nc3 d6 3. f4 Nc6 4. Nf3 g6 5. Bb5 Bg7 6. d3 Nf6 7. Bxc6+ bxc6 8.
O-O O-O 9. Qe1 Ne8 10. f5 e6 11. fxg6 fxg6 12. e5 Rb8 13. b3 Rb7 14. Bg5 Qb6
15. Na4 Qb4 16. Bd2 Qg4 17. h3 Qh5 18. Qg3 Rbf7 19. Rae1 c4 20. dxc4 Qf5 21.
exd6 Qxc2 22. d7 Rxd7 23. Bb4 c5 24. Nxc5 Rdf7 25. Nxe6 Rxf3 26. Rxf3 1-0

[Event "International Championship of Central Serbia 2015 - OPEN A"]
[Site "Paracin"]
[Date "2015.07.06"]
[Round "4.12"]
[White "Smith, Bryan G"]
[Black "Rajkovic, Mladen"]
[Result "1-0"]
[WhiteElo "2479"]
[BlackElo "2259"]
[PlyCount "85"]
[EventDate "2015.07.03"]

1. e4 e5 2. Nf3 Nc6 3. Bb5 a6 4. Ba4 Nf6 5. O-O b5 6. Bb3 Be7 7. Re1 O-O 8. a4
b4 9. d4 d6 10. dxe5 Nxe5 11. Nxe5 dxe5 12. Qf3 Qd4 13. Be3 Qd6 14. Nd2 Be6 15.
Nc4 Bxc4 16. Bxc4 Qc6 17. Bb3 Rad8 18. Bg5 h6 19. Bh4 Rd2 20. Rad1 Rxd1 21.
Rxd1 g5 22. Bg3 Qxe4 23. Qxe4 Nxe4 24. Bxe5 Bd6 25. Bxd6 Nxd6 26. Rd5 Re8 27.
f3 Ra8 28. Rc5 Ra7 29. a5 Kf8 30. Kf2 Ke7 31. Ke3 Kd8 32. Rc6 Kd7 33. Ba4 Ke7
34. Kd4 Nf5+ 35. Ke5 Nd6 36. Kd5 Nf5 37. g3 f6 38. Kc5 Ne3 39. Bb3 Nf1 40. Re6+
Kd7 41. Re2 Kd8 42. Kc6 Ra8 43. Bf7 1-0

[Event "International Championship of Central Serbia 2015 - OPEN A"]
[Site "Paracin"]
[Date "2015.07.06"]
[Round "4.13"]
[White "Lajthajm, Borko"]
[Black "Persson, Andreas"]
[Result "1-0"]
[WhiteElo "2443"]
[BlackElo "2258"]
[PlyCount "125"]
[EventDate "2015.07.03"]

1. c4 c5 2. Nc3 g6 3. g3 Bg7 4. Bg2 Nc6 5. Nf3 d6 6. O-O Bf5 7. d3 Qd7 8. Nd5
Nf6 9. Rb1 O-O 10. a3 Bh3 11. b4 Bxg2 12. Nxf6+ Bxf6 13. Kxg2 b6 14. h4 h5 15.
Bh6 Rfb8 16. b5 Nd8 17. e4 a6 18. Bc1 axb5 19. Rxb5 Ra6 20. Ne1 Nc6 21. Nc2 Rb7
22. f4 Na7 23. Rb3 b5 24. cxb5 Nxb5 25. f5 Qc6 26. fxg6 fxg6 27. Ne3 Nd4 28.
Rxb7 Qxb7 29. Nd5 Bg7 30. Qd2 e6 31. Nf6+ Bxf6 32. Rxf6 Qg7 33. Qg5 Kh7 34. Bb2
e5 35. Bxd4 cxd4 36. Re6 Ra7 37. g4 Qg8 38. Re7+ Rxe7 39. Qxe7+ Kh8 40. Qxd6
Qa2+ 41. Kg3 Qe2 42. Qxe5+ Kg8 43. Qe8+ Kg7 44. Qd7+ Kg8 45. gxh5 Qxd3+ 46. Kf4
gxh5 47. Qe8+ Kg7 48. Qe7+ Kg8 49. Ke5 Qe3 50. Qd8+ Kf7 51. Qd7+ Kf8 52. Qxd4
Qg3+ 53. Ke6 Qh3+ 54. Kd6 Qxh4 55. Qh8+ Kf7 56. Qh7+ Kf8 57. Ke6 Qg4+ 58. Qf5+
Kg8 59. a4 Qd1 60. a5 Qe2 61. Kf6 Qb2+ 62. e5 Qb4 63. Qg6+ 1-0

[Event "International Championship of Central Serbia 2015 - OPEN A"]
[Site "Paracin"]
[Date "2015.07.06"]
[Round "4.14"]
[White "Mohammad, Nubairshah Shaikh"]
[Black "Kinsiz, Onur"]
[Result "1/2-1/2"]
[WhiteElo "2423"]
[BlackElo "2253"]
[PlyCount "68"]
[EventDate "2015.07.03"]

1. d4 Nf6 2. c4 e6 3. Nc3 Bb4 4. Qc2 O-O 5. e4 d5 6. e5 Ne4 7. Bd3 c5 8. Nge2
cxd4 9. Nxd4 Nd7 10. Bf4 Ndc5 11. O-O Bxc3 12. bxc3 Bd7 13. Be2 Na4 14. cxd5
exd5 15. c4 Rc8 16. Rac1 Nb6 17. Qb1 Nc5 18. cxd5 Nxd5 19. Bg3 Qa5 20. Nb3 Nxb3
21. Qxb3 Nc3 22. Bc4 b5 23. Rxc3 bxc4 24. Rxc4 Rxc4 25. Qxc4 Be6 26. Qe2 Qxa2
27. Qxa2 Bxa2 28. Ra1 Rc8 29. h3 Rc2 30. Rd1 h6 31. Rd8+ Kh7 32. Ra8 Rc7 33. e6
Rc1+ 34. Kh2 Bxe6 1/2-1/2

[Event "International Championship of Central Serbia 2015 - OPEN A"]
[Site "Paracin"]
[Date "2015.07.06"]
[Round "4.15"]
[White "Radovic, Janko"]
[Black "Radovanovic, Nikola"]
[Result "1/2-1/2"]
[WhiteElo "2256"]
[BlackElo "2420"]
[PlyCount "34"]
[EventDate "2015.07.03"]

1. e4 e5 2. Nf3 Nc6 3. d4 exd4 4. Nxd4 Nf6 5. Nxc6 bxc6 6. e5 Qe7 7. Qe2 Nd5 8.
c4 Nb6 9. Nc3 Qe6 10. Qe4 Bb4 11. Bd2 O-O 12. Bd3 g6 13. O-O Re8 14. Qf4 d5 15.
cxd5 Nxd5 16. Nxd5 Qxd5 17. Bxb4 Qxd3 1/2-1/2

[Event "International Championship of Central Serbia 2015 - OPEN A"]
[Site "Paracin"]
[Date "2015.07.06"]
[Round "4.16"]
[White "Nestorovic, Dejan"]
[Black "Gajic, Mladen"]
[Result "0-1"]
[WhiteElo "2408"]
[BlackElo "2227"]
[PlyCount "74"]
[EventDate "2015.07.03"]

1. d4 Nf6 2. c4 c5 3. d5 e6 4. Nc3 exd5 5. cxd5 d6 6. Nf3 g6 7. Bg5 h6 8. Bh4
g5 9. Bg3 Nh5 10. e3 Nxg3 11. hxg3 Bg7 12. Nd2 Nd7 13. a4 a6 14. Qb3 Qe7 15.
Nc4 O-O 16. a5 Ne5 17. Nb6 Rb8 18. Be2 f5 19. f4 Ng4 20. Bxg4 Qxe3+ 21. Be2 Re8
22. Qc2 Qxg3+ 23. Kd1 Qxf4 24. Qd2 Qg3 25. Bd3 Bxc3 26. bxc3 f4 27. Nxc8 Rbxc8
28. Bf5 f3 29. Bxc8 fxg2 30. Rg1 Qf3+ 31. Kc2 Re2 32. Be6+ Kg7 33. Rad1 Qe4+
34. Kb2 h5 35. Kc1 Rxd2 36. Kxd2 g4 37. Rde1 Qf4+ 0-1

[Event "International Championship of Central Serbia 2015 - OPEN A"]
[Site "Paracin"]
[Date "2015.07.06"]
[Round "4.17"]
[White "Budimir, Boris"]
[Black "Radlovacki, Jovan"]
[Result "1/2-1/2"]
[WhiteElo "2236"]
[BlackElo "2393"]
[PlyCount "84"]
[EventDate "2015.07.03"]

1. e4 d5 2. exd5 Qxd5 3. Nc3 Qd8 4. d4 Nf6 5. Nf3 Bg4 6. Bb5+ c6 7. Be2 e6 8.
h3 Bh5 9. Bg5 Nbd7 10. O-O Be7 11. Ne5 Bg6 12. Nxg6 hxg6 13. Bf3 Nd5 14. Bxe7
Nxe7 15. Ne4 Nf6 16. c3 Nf5 17. Nc5 Qc7 18. Qb3 Nh4 19. Be2 Rb8 20. Rfe1 O-O
21. Nd3 Nd5 22. Rad1 Rbd8 23. Qc2 a5 24. g3 Nf5 25. Bf3 Rfe8 26. Bg2 Rd6 27. a3
Red8 28. Qe2 b5 29. Ne5 Rb8 30. Nd3 Rbd8 31. Ne5 Nb6 32. Rc1 b4 33. axb4 axb4
34. Nc4 Nxc4 35. Qxc4 bxc3 36. bxc3 Rc8 37. Qc5 Rdd8 38. Ra1 Qd6 39. Ra5 Qxc5
40. Rxc5 Ne7 41. Ra1 Rc7 42. Ra6 Rdc8 1/2-1/2

[Event "International Championship of Central Serbia 2015 - OPEN A"]
[Site "Paracin"]
[Date "2015.07.06"]
[Round "4.19"]
[White "Carnic, Srdjan"]
[Black "Kovacevic, Bozidar"]
[Result "1-0"]
[WhiteElo "2317"]
[BlackElo "2000"]
[PlyCount "89"]
[EventDate "2015.07.03"]

1. e4 e6 2. d4 d5 3. Nd2 dxe4 4. Nxe4 Nd7 5. Nf3 Ngf6 6. Bd3 Nxe4 7. Bxe4 Nf6
8. Bd3 c5 9. dxc5 Bxc5 10. O-O O-O 11. Qe2 Be7 12. Ne5 Nd5 13. c4 Nb4 14. Bb1
f5 15. a3 Nc6 16. Nxc6 bxc6 17. Bf4 Qd4 18. Be5 Qg4 19. Qxg4 fxg4 20. Be4 Bb7
21. Rad1 Rfd8 22. b4 Rac8 23. b5 Ba8 24. Rxd8+ Bxd8 25. Rd1 cxb5 26. Bxa8 Rxa8
27. cxb5 Rc8 28. g3 Bc7 29. Rc1 Bxe5 30. Rxc8+ Kf7 31. a4 Ke7 32. a5 Kd7 33.
Rc6 Bc7 34. Ra6 Bb8 35. b6 axb6 36. Rxb6 Bc7 37. Rb7 Kc6 38. a6 g5 39. Rb4 Bb6
40. Rxg4 h6 41. h4 Bd8 42. hxg5 hxg5 43. Re4 Kb6 44. Rxe6+ Ka7 45. Rg6 1-0

[Event "International Championship of Central Serbia 2015 - OPEN A"]
[Site "Paracin"]
[Date "2015.07.06"]
[Round "4.20"]
[White "Popovic, Djordje D"]
[Black "Petrov, Vladimir Sergeev"]
[Result "1/2-1/2"]
[WhiteElo "2219"]
[BlackElo "2307"]
[PlyCount "82"]
[EventDate "2015.07.03"]

1. d4 Nf6 2. c4 e6 3. Nc3 Bb4 4. e3 O-O 5. a3 Bxc3+ 6. bxc3 b6 7. Bd3 Bb7 8. f3
c5 9. Ne2 Nc6 10. e4 Ne8 11. Be3 Na5 12. dxc5 Ba6 13. cxb6 axb6 14. Rb1 Nxc4
15. Bxc4 Bxc4 16. Bxb6 Qc8 17. a4 Nf6 18. Bd4 d5 19. Ng3 dxe4 20. fxe4 e5 21.
Bxe5 Nxe4 22. Nxe4 Qf5 23. Qf3 Qxe5 24. Kf2 Bd5 25. Rb5 Qxe4 26. Rxd5 Qc2+ 27.
Kg3 Qg6+ 28. Qg4 Qc6 29. Qf3 Rxa4 30. Rhd1 Qc7+ 31. Kh3 Rf4 32. Qd3 Qc8+ 33.
Rd7 Rc4 34. g3 Rxc3 35. Qd5 Rc5 36. Qf3 Rc2 37. Qd5 g6 38. Rf1 Qe8 39. Rfxf7
Rxf7 40. Rd8 Rc8 41. Rxe8+ Rxe8 1/2-1/2

[Event "International Championship of Central Serbia 2015 - OPEN A"]
[Site "Paracin"]
[Date "2015.07.06"]
[Round "4.21"]
[White "Djordjevic, Vuk"]
[Black "Stefanov, Emil"]
[Result "1/2-1/2"]
[WhiteElo "2287"]
[BlackElo "2088"]
[PlyCount "48"]
[EventDate "2015.07.03"]

1. d4 g6 2. e4 Bg7 3. Nf3 d6 4. a4 Nf6 5. Nc3 O-O 6. Be2 c6 7. O-O Qc7 8. Be3
e5 9. dxe5 dxe5 10. Bc4 Bg4 11. Qe2 Qe7 12. h3 Bxf3 13. Qxf3 Nbd7 14. Rad1 Qb4
15. Bb3 Nc5 16. Bxc5 Qxc5 17. Rd3 Rad8 18. Rfd1 Rd4 19. Qe3 Nd7 20. Ne2 Rxd3
21. Qxd3 Nb6 22. Qd2 a5 23. Nc1 Ra8 24. Qe2 Bf6 1/2-1/2

[Event "International Championship of Central Serbia 2015 - OPEN A"]
[Site "Paracin"]
[Date "2015.07.06"]
[Round "4.22"]
[White "Tselkovskiy, Kirill"]
[Black "Petrov, Martin"]
[Result "1/2-1/2"]
[WhiteElo "2137"]
[BlackElo "2276"]
[PlyCount "40"]
[EventDate "2015.07.03"]

1. e4 c5 2. Nf3 d6 3. d4 cxd4 4. Qxd4 Nc6 5. Bb5 Bd7 6. Qd3 g6 7. c4 Bg7 8. O-O
Nf6 9. Nc3 O-O 10. h3 Rc8 11. Be3 a6 12. Bxc6 Bxc6 13. Nd4 Nd7 14. Rac1 Nc5 15.
Qc2 Ne6 16. Nxe6 fxe6 17. Qb3 Bxc3 18. Qxc3 e5 19. f3 Qd7 20. Rfd1 Qe6 1/2-1/2

[Event "International Championship of Central Serbia 2015 - OPEN A"]
[Site "Paracin"]
[Date "2015.07.06"]
[Round "4.23"]
[White "Strugnell, Carl"]
[Black "Verendel, Jan"]
[Result "1-0"]
[WhiteElo "2275"]
[BlackElo "1964"]
[PlyCount "47"]
[EventDate "2015.07.03"]

1. e4 c5 2. Nf3 e6 3. Nc3 a6 4. d4 cxd4 5. Nxd4 Qc7 6. Bd3 Nf6 7. f4 Bb4 8. Bd2
Bxc3 9. bxc3 d6 10. O-O Nbd7 11. Qf3 g6 12. Rae1 b6 13. e5 Bb7 14. Qh3 Nd5 15.
Bxg6 O-O-O 16. Bxf7 dxe5 17. Nxe6 Qc6 18. fxe5 Rdg8 19. Nd4 Nf4 20. Rxf4 Rxg2+
21. Kf1 Qc5 22. Rf2 Rg7 23. e6 Ne5 24. Rxe5 1-0

[Event "International Championship of Central Serbia 2015 - OPEN A"]
[Site "Paracin"]
[Date "2015.07.06"]
[Round "4.24"]
[White "Zajic, Milan"]
[Black "Popovic, Aleksandar M"]
[Result "1/2-1/2"]
[WhiteElo "2489"]
[BlackElo "2246"]
[PlyCount "100"]
[EventDate "2015.07.03"]

1. e4 e5 2. Nf3 Nc6 3. Bb5 a6 4. Ba4 Nf6 5. O-O Be7 6. Re1 b5 7. Bb3 O-O 8. a4
Bb7 9. d3 d5 10. axb5 axb5 11. Rxa8 Bxa8 12. exd5 Nxd5 13. Nxe5 Nd4 14. c3 Nxb3
15. Qxb3 Bd6 16. Qxb5 Qf6 17. Nf3 Qg6 18. Re8 Nxc3 19. Rxf8+ Bxf8 20. Nxc3 Bxf3
21. Qg5 Qxg5 22. Bxg5 Bb7 23. Bf4 c6 24. d4 f6 25. f3 Kf7 26. Kf2 Ke6 27. Ke3
Bb4 28. Na2 Be7 29. Bb8 Kd5 30. b3 c5 31. Nc3+ Ke6 32. Ne4 Bd5 33. dxc5 f5 34.
Nd2 Bxc5+ 35. Kd3 g5 36. Nc4 g4 37. Ke2 h5 38. h3 Be7 39. Bf4 Bc5 40. Be3 Bd6
41. Nxd6 Kxd6 42. b4 gxf3+ 43. gxf3 Ke5 44. Ba7 f4 45. Kf2 Kf5 46. b5 Bb7 47.
b6 Ba8 48. Bb8 Bb7 49. Bd6 Ba8 50. Ba3 Bb7 1/2-1/2

[Event "International Championship of Central Serbia 2015 - OPEN A"]
[Site "Paracin"]
[Date "2015.07.06"]
[Round "4.25"]
[White "Martynov, Pavel"]
[Black "Sorgic, Dragan"]
[Result "1-0"]
[WhiteElo "2385"]
[BlackElo "2234"]
[PlyCount "119"]
[EventDate "2015.07.03"]

1. d4 Nf6 2. c4 g6 3. Nc3 Bg7 4. e4 d6 5. Be2 O-O 6. g4 e5 7. d5 a5 8. h4 Na6
9. h5 Nc5 10. f3 c6 11. Be3 cxd5 12. cxd5 Bd7 13. Nh3 a4 14. Nf2 Qa5 15. h6 Bh8
16. O-O Rfc8 17. Qd2 b5 18. Rfc1 Ne8 19. Nd3 b4 20. Nd1 Nxd3 21. Bxd3 Bf6 22.
a3 Rxc1 23. Rxc1 bxa3 24. Qxa5 Rxa5 25. bxa3 Ra8 26. Rb1 Bd8 27. Kf2 Kf8 28.
Ke2 Ba5 29. Nb2 Rb8 30. Nc4 Rxb1 31. Bxb1 Bb5 32. Bd3 Bc3 33. Bd2 Bd4 34. Nxe5
Bxd3+ 35. Nxd3 Ke7 36. Bb4 Kd7 37. Ne1 Nc7 38. Kd3 Bb2 39. Nc2 Bc1 40. Bd2 Bb2
41. Kc4 Ke7 42. Bg5+ Kd7 43. Be3 f5 44. exf5 gxf5 45. g5 Ke7 46. Bd4 Bxd4 47.
Nxd4 Kf7 48. Nxf5 Kg6 49. Nxd6 Kxg5 50. Ne4+ Kxh6 51. d6 Ne6 52. d7 Kg6 53. Kd5
Kf5 54. Ng5 Nd8 55. Nxh7 Kg6 56. Kd6 Kxh7 57. Ke7 Nc6+ 58. Ke8 Kg6 59. d8=Q
Nxd8 60. Kxd8 1-0

[Event "International Championship of Central Serbia 2015 - OPEN A"]
[Site "Paracin"]
[Date "2015.07.06"]
[Round "4.26"]
[White "Todorovic, Bojan"]
[Black "Kett, Tim"]
[Result "0-1"]
[WhiteElo "2361"]
[BlackElo "2219"]
[PlyCount "74"]
[EventDate "2015.07.03"]

1. Nf3 d5 2. g3 Nf6 3. Bg2 Bg4 4. O-O Nbd7 5. c4 c6 6. Qb3 Nc5 7. Qc2 e6 8. d4
Bf5 9. Qd1 Nce4 10. Qb3 Qb6 11. Nh4 dxc4 12. Qxb6 axb6 13. f3 Nd6 14. e4 Bg6
15. Nxg6 hxg6 16. e5 Nf5 17. exf6 gxf6 18. Rd1 O-O-O 19. Nc3 Rxd4 20. Rxd4 Bc5
21. Be3 Nxe3 22. Rf4 Nc2+ 23. Kh1 Nxa1 24. Rxf6 Rh7 25. Rf4 b5 26. a4 b4 27.
Ne4 e5 28. Rf6 Be7 29. Rd6 Bxd6 30. Nxd6+ Kc7 31. Nxc4 f6 32. Bf1 Rd7 33. Be2
b5 34. axb5 cxb5 35. Ne3 Kb6 36. Nf1 Nc2 37. h4 Ne1 0-1